| 000 | 00389nam a2200133 i 4500 | ||
|---|---|---|---|
| 001 | bg | ||
| 100 | 1 | _aSMERECZYŃSKI, Jan | |
| 245 | 0 |
_aKodeks wykroczeń oraz ważniejsze ustawy dodatkowe : _bstan prawny na dzień 1 października 1974 r. / _cJan Smereczyński. |
|
| 260 |
_aWarszawa, _c1975. |
||
| 040 | _cBPK | ||
| 041 | _apol | ||
| 942 | _cKS | ||
| 008 | s pl f |000 0 pol | ||
| 999 |
_c26793 _d26793 |
||
| 856 |
_uhttp://koha.tu.koszalin.pl/cgi-bin/koha/opac-detail.pl?biblionumber=26793 _yKatalog online BPK |
||